| 000 | 00689nam a2200193 i 4500 | ||
|---|---|---|---|
| 001 | 139569 | ||
| 003 | ES-MaACL | ||
| 005 | 20250901041014.0 | ||
| 007 | t| | ||
| 008 | 070214s1928 fr |||| | fre d | ||
| 100 | 1 |
_aScheler, Max. _9104283 |
|
| 245 | 1 | 0 |
_aNature et formes de la sympathie _b: contribution áa l'étude des lois de la vie émotionnelle / _cMax Scheler ; traduit de l'allemand par M. Lefebvre. |
| 260 |
_aParis : _bPayot, _c1928 ( _eVannes : _fImp. Lafolye et J. de Lamarzelle) |
||
| 300 |
_a384 p. ; _c23 cm. |
||
| 650 | 7 |
_aEmociones y sentimientos _2embne _912196 |
|
| 700 | 1 |
_aLefebvre, M. _971227 |
|
| 852 |
_aES-MaACL _jF-12530 |
||
| 999 |
_c139569 _d139569 |
||